000 00369nam a2200169Ia 4500
100 _aKapoor/Baljeet S
650 _aFluid Mechanics
942 _cBK
366 _f17.5
654 _afluid mechanics
245 _aFluid mechanics
260 _bNew Age Int (P) Ltd
_aMumbai
_c1998
082 _a532/KAP
_bKAP
300 _a648
546 _aENGLISH
999 _c28889
_d28889